|
|
|
|
| LEADER |
02288cas a2200277 a 4500 |
| 001 |
AALejournalIMF017049 |
| 008 |
230101c9999 xx r poo 0 0eng d |
| 020 |
|
|
|c 5.00 USD
|
| 020 |
|
|
|z 9781475537543
|
| 022 |
|
|
|a 2617-6750
|
| 040 |
|
|
|a BD-DhAAL
|c BD-DhAAL
|
| 100 |
1 |
|
|a Gaspar, Vitor.
|
| 245 |
1 |
0 |
|a Macroeconomic Management When Policy Space is Constrained :
|b A Comprehensive, Consistent and Coordinated Approach to Economic Policy /
|c Vitor Gaspar, Maurice Obstfeld, Ratna Sahay, Douglas Laxton.
|
| 264 |
|
1 |
|a Washington, D.C. :
|b International Monetary Fund,
|c 2016.
|
| 300 |
|
|
|a 1 online resource (61 pages)
|
| 490 |
1 |
|
|a Staff Discussion Notes
|
| 500 |
|
|
|a <strong>Off-Campus Access:</strong> No User ID or Password Required
|
| 500 |
|
|
|a <strong>On-Campus Access:</strong> No User ID or Password Required
|
| 506 |
|
|
|a Electronic access restricted to authorized BRAC University faculty, staff and students
|
| 520 |
3 |
|
|a The recovery in GDP growth since the global financial crisis has been halting and weak. Concern is widespread that countercyclical policies have run out of space or lack the power to raise growth or deal with the next negative shock. This note argues that room exists for effective policies and that it should be used if appropriate. The most promising route involves a comprehensive, consistent, and coordinated approach to policy making. Comprehensive policy actions within a country exploit synergies, making the whole greater than the sum of parts. Consistent policy frameworks anchor long-term expectations while allowing decisive short- to medium-term accommodation whenever necessary. Coordinated policies across major economies amplify the helpful effects of individual policy actions through positive cross-border spillovers. The findings of this paper indicate that policy coordination adds particular value if the current approach falls short of reviving growth, or in the event of a further downward shock.
|
| 538 |
|
|
|a Mode of access: Internet
|
| 700 |
1 |
|
|a Laxton, Douglas.
|
| 700 |
1 |
|
|a Obstfeld, Maurice.
|
| 700 |
1 |
|
|a Sahay, Ratna.
|
| 830 |
|
0 |
|a Staff Discussion Notes; Staff Discussion Notes ;
|v No. 2016/009
|
| 856 |
4 |
0 |
|z Full text available on IMF
|u http://elibrary.imf.org/view/journals/006/2016/009/006.2016.issue-009-en.xml
|z IMF e-Library
|